| 000 | 00663nam a22002297a 4500 | ||
|---|---|---|---|
| 999 |
_c2647 _d2647 |
||
| 003 | OSt | ||
| 005 | 20230802155421.0 | ||
| 008 | 230802b ||||| |||| 00| 0 eng d | ||
| 020 | _a9789671967669 | ||
| 040 | _cKH8 | ||
| 082 | _a400 SYA | ||
| 100 |
_aSyahril Othman, _eauthor. |
||
| 245 |
_aIGCSE Malay Listening Teacher Book Volume 1 / _cSyahril Othman. |
||
| 250 | _aFirst edition | ||
| 260 |
_aMalaysia: _bSyahril Education Enterprise. |
||
| 300 |
_a156 pages, _billustrations. |
||
| 440 |
_aIGCSE Malay Listening _v1 |
||
| 500 | _aIncludes audio and answer | ||
| 651 |
_aMalaysia _vMalay language |
||
| 651 |
_aMalaysia _vMalay grammar |
||
| 942 |
_2ddc _cTR |
||